| 000 -LEADER |
| fixed length control field |
00813nam a22002177a 4500 |
| 008 - FIXED-LENGTH DATA ELEMENTS--GENERAL INFORMATION |
| fixed length control field |
150109b xxu||||| |||| 00| 0 alb d |
| 041 0# - LANGUAGE CODE |
| Language code of text/sound track or separate title |
alb |
| 080 ## - UNIVERSAL DECIMAL CLASSIFICATION NUMBER |
| Universal Decimal Classification number |
531.19 |
| Common auxiliary subdivision |
(075.18) |
| 100 1# - Rafti |
| Rafti |
Jagxhiu, Fetah |
| 245 10 - TITLE STATEMENT |
| Title |
Përmbledhje detyrash të zgjidhura nga mekanika I (statika) / |
| Statement of responsibility, etc |
Fetah Jagxhiu. |
| 250 ## - |
| -- |
Botim i tretë |
| 260 ## - |
| -- |
Prishtinë : |
| -- |
Enti i Teksteve dhe i Mjeteve Mësimore i Krahinës Socialiste Autonome të Kosovës, |
| -- |
1985. |
| 300 ## - |
| -- |
353 f.: |
| -- |
me il. ; |
| -- |
24 cm. |
| 500 ## - |
| -- |
Parathënie : f. [5]-[6] |
| 505 ## - |
| -- |
Shtesë sistemi i njësive për madhësitë që përdorohen në mekanikë: f. 349-351 |
| 650 1# - |
| -- |
Mekanika |
| -- |
Probleme, ushtrime etj. |
| 650 1# - |
| -- |
Statika |
| 710 2# - |
| -- |
Universiteti i Kosovës në Prishtinë. |
| 710 2# - |
| -- |
Fakulteti Teknik. |
| 942 ## - ADDED ENTRY ELEMENTS (KOHA) |
| Source of classification or shelving scheme |
|
| Item type |
Books |